| 000 | 01528cam a22003011i 4500 | ||
|---|---|---|---|
| 003 | SA-RiAUC | ||
| 005 | 20250103125205.0 | ||
| 008 | 250102s1983 le g b 000r0 ara c | ||
| 040 |
_aSA-RiAUC _bara _cSA-RiAUC _erda |
||
| 043 | _aa-su--- | ||
| 082 | 0 | 4 |
_a953.11 _qSA-RiAUC |
| 090 |
_a953.11 _bس ي ف |
||
| 100 | 1 |
_aالسيف، عبد الله محمد ناصر، _d1368 هجري- _eمؤلف. |
|
| 245 | 1 | 2 |
_aالحياة الاقتصادية والاجتماعية في نجد والحجاز في العصر الأموي / _cعبد الله محمد السيف. |
| 250 | _aالطبعة الثالثة. | ||
| 264 | 1 |
_aبيروت : _aالرياض : _bمؤسسة الرسالة ؛ _bعبد الله محمد السيف، _c1983 |
|
| 300 |
_a415 صفحة ؛ _c24 سم |
||
| 336 |
_aنص _btxt _2rdacontent _3كتاب |
||
| 337 |
_aبدون وسيط _bn _2rdamedia |
||
| 338 |
_aمجلد _bnc _2rdacarrier |
||
| 504 | _aببليوجرافية : صفحة 347-386. | ||
| 651 | 7 |
_aالحجاز (السعودية) _xأحوال اجتماعية _yالعصر الأموي، 41-132 هجري _2aucsh |
|
| 651 | 7 |
_aالحجاز (السعودية) _xأحوال اقتصادية _yالعصر الأموي، 41-132 هجري _2aucsh |
|
| 651 | 7 |
_aنجد (السعودية) _xأحوال اجتماعية _yالعصر الأموي، 41-132 هجري _2aucsh |
|
| 651 | 7 |
_aنجد (السعودية) _xأحوال اقتصادية _yالعصر الأموي، 41-132 هجري _2aucsh |
|
| 942 |
_2ddc _cBOOK _n0 |
||
| 949 |
_aSA-JeALM _d250102 _uosman123 _n1 |
||
| 999 |
_c4376 _d4376 |
||